[Event "HUN-chT2 Toth 1617"]
[Site "Hungary"]
[Date "2016.10.30"]
[Round "3.12"]
[White "Daroczi, Donat"]
[Black "Sorban, Gyorgy Daniel"]
[Result "1-0"]
[WhiteElo "1613"]
[BlackElo "1245"]
[PlyCount "107"]
[EventDate "2016.09.25"]
[EventType "team-tourn"]
[EventRounds "11"]
[EventCountry "HUN"]
[SourceTitle "EXT 2021"]
[Source "ChessBase"]
[SourceDate "2020.10.23"]
[SourceVersion "1"]
[SourceVersionDate "2020.10.23"]
[SourceQuality "1"]
[WhiteTeam "Szeged Meritum"]
[BlackTeam "Kecskemet Takisz"]
[WhiteTeamCountry "HUN"]
[BlackTeamCountry "HUN"]

1. e4 d5 2. exd5 Nf6 3. d4 Nxd5 4. c4 Nf6 5. Nf3 Bf5 6. Nc3 e6 7. Bg5 Nbd7 8. Bd3 Bxd3 9. Qxd3 h6 10. Bh4 Be7 11. Rd1 c6 12. 0-0 0-0 13. d5 Nc5 14. Qc2 cxd5 15. Bxf6 Bxf6 16. cxd5 Qb6 17. dxe6 Nxe6 18. Nd5 Qxb2 19. Qxb2 Bxb2 20. Rb1 Bf6 21. Nxf6+ gxf6 22. Rxb7 Rfb8 23. Rfb1 Rd8 24. g3 Nc5 25. Rc7 Rdc8 26. Re7 Re8 27. Rxe8+ Rxe8 28. Re1 Kf8 29. Rxe8+ Kxe8 30. Nd4 Kd7 31. Nf5 h5 32. Ng7 a5 33. Nxh5 Ke7 34. Kf1 Na4 35. Nf4 Nc3 36. Ke1 Nxa2 37. Nd5+ Kd6 38. h4 Nb4 39. Nxb4 axb4 40. h5 Ke7 41. Kd2 Kf8 42. Kc2 Kg7 43. Kb3 Kh6 44. g4 Kg5 45. f4+ Kh6 46. f5 Kg7 47. Kxb4 Kh6 48. Kc5 Kg7 49. Kd6 Kh6 50. Ke7 Kg7 51. Ke8 Kg8 52. Kd7 Kg7 53. Ke7 Kg8 54. Kxf6 1-0